000 00579nam a2200217Ia 4500
005 20250326144622.0
008 250326s9999 xx 000 0 und d
020 _a978-0-141-03524-6
037 _aTextbook
040 _aFMSL
_beng
_cFMSL
041 _aeng
_2eng
084 _aX9S P8
_qFMSL
100 _aEllis Charles D
_9448735
245 0 _aPartnership the making of goldman sachs
_cEllis Charles D
260 _aNY
_bNY, Penguin
_c2009
300 _axiii,753
365 _b499
650 _aMarketing
942 _cTB
_hX9S P8
999 _c1304347
_d1304347